000 00787nam a22002297a 4500
003 UA-OsUOA
001 106342
007 ta
008 20140513b un ||||| |||| 00| 0 ukr d
100 _aМенцель Т.
700 _aХентшель Г.
090 _a81
_bМ50
942 _cSA
040 _aUA-OsUOA
_bukr
_cUA-OsUOA
_dUA-OsUOA
245 _aВплив російської мови на флективну морфологію білорусько-російського та українсько-російського змішаного мовлення
300 _aС.32-58
955 _a0
041 _aukr
080 _a81
773 0 _w106341
650 7 _a8 Мовознавство. Художня література. Літературознавство
_2UDC
999 _c392475
_d392475